00000000cam 2200000zi 4500
0019.558153
003CaOODSP
00520210624172237
007cr |||||||||||
008150406s2003||||xxc|||||o    f|0| 0 eng d
020 |a0-662-32353-X
022 |a1205-9153
040 |aCaOODSP|beng
043 |an-cn---
0861 |aCS11-0019/192E-PDF
1001 |aFrenette, Marc, |eauthor.
24510|aLife after welfare : |bthe economic well being of welfare leavers in Canada during the 1990s / |cby Marc Frenette and Garnett Picot.
260 |aOttawa, Ontario : |bStatistics Canada, |cMarch 2003.
300 |a1 online resource (32 pages) : |bgraphs, tables.
336 |atext|btxt|2rdacontent
337 |acomputer|bc|2rdamedia
338 |aonline resource|bcr|2rdacarrier
4901 |aAnalytical Studies Branch research paper series ; |x1205-9153|vNo. 192
504 |aIncludes bibliographical references.
590 |a12-34-Supp|b2012-07-31
7102 |aStatistics Canada, |eissuing body.
77508|tLa vie après l'aide sociale : |w(CaOODSP)9.591079
830#0|aResearch paper series (Statistics Canada. Analytical Studies Branch)|x1205-9153|vNo. 192|w(CaOODSP)9.504421
85640|ahttp://publications.gc.ca|qPDF|s325 KB|uhttps://publications.gc.ca/collections/collection_2012/statcan/11f0019m/11f0019m2003192-eng.pdf|yNo. 192